1955 1282 1056 1120 1268 1910 1993 1642 1113 1255 1051 1026 1493 1708 1903 1582 1360 1675 1788 1424 1471 1567 1487 1087 1816 1788 1919 1595 1696 1272 1888 1455 1718 1663 1925 1561 1421 1860 1336 1508 1291 1018 1109 1620 1918 1403 1747 1052 1989 1970 1802 1309 1658 1130 1117 1146 1933 1618 1779 1847 1130 1501 1108 1342 1268 1010 1843 1293 1490 1494 1060 1015 1805 1035 1872 1280 1132 1880 1334 1337 1534 1672 1668 1877 1388 1765 1011 1442 1414 1400 1359 1287 1461 1732 1389 1397 1417 1300 1033 BCNSPRNW ULIB Ver.6.0+V

เปลี่ยนเป็นภาษาไทย

Change to English
 แสดงรายละเอียดบรรณานุกรม
  กลับหน้าหลัก

Brief Record : Get Marc (ISO 2709) : E-mail record : QR code < ปิดหน้าต่าง
LEADER : 00000nam 2200000uu 4500
001    13399112805
003     ULIB
008    110627s2552||||th 000 0 tha d
020    9789742556853
090    นว.^bส984ร 2552
100 0  โสภาค สุวรรณ,นามแฝง
245 00 รักเร่/^cโสภาค สุวรรณ,นามแฝง
250    พิมพ์ครั้งที่ 8
260    กรุงเทพฯ :^bโสภณการพิมพ์,^c2552
300    478 หน้า
710 1  โสภณการพิมพ์
945    ^p350^l0^i028079
995    ทศพร
999 ^a ใช้งานได้ทุกระบบ
รายการนี้ยังไม่มีแท็ก
คุณยังไม่ได้ล็อกอิน คุณสามารถมีกิจกรรมร่วมกับเว็บไซต์ได้ แต่ต้องล็อกอินก่อน ::
  ล็อกอิน

รายการสื่อสารสนเทศ

ลำดับที่ ประเภท เลขเรียก/บาร์โค้ด สถานที่ สถานะ
- ไม่พบข้อมูล -

BibComment


ยังไม่เคยถูกคอมเมนท์

คอมเมนท์ทรัพยากรรายการนี้
  คอมเมนท์: รักเร่ โสภาค สุวร..


 Copyright 2026. Bcnsprnw @Library